|
|
|
|
| LEADER |
00000nam0a2200000 4500 |
| 001 |
245258 |
| 005 |
20231101232120.0 |
| 010 |
|
|
|a 9785227043221
|
| 035 |
|
|
|a (RuTPU)RU\TPU\book\266664
|
| 090 |
|
|
|a 245258
|
| 100 |
|
|
|a 20131107d2013 m y0rusy50 ca
|
| 101 |
1 |
|
|a rus
|c eng
|
| 102 |
|
|
|a RU
|
| 105 |
|
|
|a y z 000ay
|
| 200 |
1 |
|
|a Запечатанное письмо
|e роман
|e пер. с англ.
|f Э. Донохью
|
| 210 |
|
|
|a Москва
|c Центрполиграф
|d 2013
|
| 215 |
|
|
|a 414 с.
|
| 330 |
|
|
|a Красавица Хелен, дерзкая искательница развлечений, не боится рисковать, и в какой-то момент о ее измене становится известно мужу — адмиралу Кодрингтону. Чтобы избежать огласки и развода, Хелен задумывает интригу, в которую вовлекает старую деву Эмили Фейтфул. Пожилой муж, ветреная жена и близкая подруга образуют роковой треугольник. Их сложные отношения дают толчок к стремительному и неожиданному развитию сюжета, за которым читатель напряженно следит до самой последней страницы, как в настоящем детективе. Роман основан на действительно происходившем в 1864 г. бракоразводном процессе «Кодрингтон против Кодрингтон и Андерсона», подробные отчеты о котором печатались во всех английских газетах.
|
| 606 |
1 |
|
|a Английская литература
|2 stltpush
|3 (RuTPU)RU\TPU\subj\29042
|9 52454
|
| 610 |
1 |
|
|a любовь
|
| 610 |
1 |
|
|a приключения
|
| 610 |
1 |
|
|a романы
|
| 675 |
|
|
|a 82
|v 3
|
| 700 |
|
1 |
|a Донохью
|b Э.
|g Эмма
|
| 801 |
|
1 |
|a RU
|b 63413507
|c 20131107
|
| 801 |
|
2 |
|a RU
|b 63413507
|c 20131125
|g RCR
|
| 942 |
|
|
|c BK
|